000 00363nam a22001577a 4500
008 210422b ||||| |||| 00| 0 eng d
020 _a9788170846888
082 _a181.4
_bSHT
245 _aTarak Sangrah
260 _aDelhi
_bChaukhamba
_c2020
300 _a288p.
650 _aYOGA
700 _aShastri Rakesh
_eTranslated by
942 _cBK
999 _c41409
_d41409
041 _ahin